000 00721nam a2200229 a 4500
008
020 _a0521329647 (cased.)
049 _aMAIN
090 _aHG4026.5
_bREC
245 0 0 _aRecent developments in corporate finance /
_cedited by Jeremy Edwards... [et al.]
260 _aCambridge :
_bCambridge University Press,
_c1986.
300 _axiv, 240 p. ;
_c24 cm.
504 _aIncludes bibliographical references.
650 0 _aCorporations
_xFinance.
653 _aCompanies
_aFinancial management.
700 1 _aEdwards, Jeremy.
907 _a.b10059246
_b18-09-12
_c17-04-03
003
005 20230123133235.0
040 _cNUST
942 _cBOOKS
_kHG4026.5
_mREC
999 _c145170
_d145170